LDR 00843naa#a2200169#i#450# 001 RU\\bibl\126828 005 20260630235135.2 011 ## _a2782-4926 100 ## _a20260630b2026####ek#y0rusy0150####ca 102 ## _aRU 200 1# _aФРЕЙДИСТСКИЕ ОСНОВАНИЯ КУЛЬТУРОЛОГИЧЕСКОГО АНАЛИЗА ВИЗУАЛЬНЫХ ФЕНОМЕНОВ _eЖурнальная статья 210 1# _aКрасноярск _cКрасноярская региональная общественная организация Содружество просветителей Красноярья _d2026 215 ## _a7 с. 608 ## _aЖурнальная статья _2local 675 ## _aЦивилизация. Культура. Прогресс. 008 _z 700 #1 _aРубцова _gАнна Васильевна 856 4# _asiberianart-journal.ru _u